00601nam a22002297a 4500003000500000005001700005008004100022010001000063011001000073035001000083040000900093082002000102100002100122245003000143260003000173300002000203490003200223650002500255700002100280710003800301830003200339CHAP20220329135316.0971013s1961 r 00010 d a34178 a35150 a39266 cCHAP a636.6089615bL800aLucas, Alfred M. aAtlas of aviar hematology aWashington :bUSDA,c1961 a271 p.b: ilus. aAgriculture monographv; 2514aHematología aviar.0 aJamroz, Casimir.0 aE.U.A. Department of Agriculture.0 aAgriculture monographv; 25